100 Personnages Historiques - Statistiques

Statistiques générales
  • Ce quiz a été pris 5 293 fois
  • Le résultat moyen est 51 sur 100
Statistiques - réponses
Par images Réponse % Correct
Adolf Hitler
99%
Charles de Gaulle
94%
Joseph Staline
94%
Napoléon
94%
Vladimir Poutine
93%
Jules César
92%
Albert Einstein
91%
John F. Kennedy
91%
Barack Obama
90%
Nelson Mandela
90%
Abraham Lincoln
89%
Mahatma Gandhi
89%
Cléopatre
85%
Jeanne d'Arc
85%
Marie Curie
85%
Martin Luther King
84%
Louis XIV
82%
Winston Churchill
82%
Jean Moulin
81%
Neil Armstrong
81%
Philippe Pétain
81%
Mao Zedong
80%
Simone Veil
79%
Che Guevara
78%
Lénine
77%
Léonardo Da Vinci
77%
Oussama Ben Laden
77%
Marie Antoinette
76%
Rosa Parks
76%
Charlemagne
75%
Kim-Jong-un
73%
Francisco Franco
70%
George W Bush
68%
Vercingétorix
67%
Karl Marx
66%
Fidel Castro
65%
Pablo Escobar
65%
Reine Elizabeth II
64%
Robespierre
64%
Benito Mussolini
63%
Voltaire
62%
Clovis
60%
François Ier
58%
Saddam Hussein
57%
Mikhaïl Gorbatchev
56%
George Washington
54%
Auguste
53%
Mouammar Kadhafi
51%
Christophe Colomb
50%
Isaac Newton
50%
Nikola Tesla
50%
Gengis Khan
49%
Henri IV
46%
Youri Gagarine
46%
Bachar al Assad
44%
Sigmund Freud
44%
Franklin Roosevelt
43%
George Clemenceau
41%
Hirohito
40%
Alexandre le Grand
39%
Al Capone
38%
Confucius
34%
Néron
34%
Louis Pasteur
33%
Otto von Bismarck
33%
Pol Pot
31%
Soliman le Magnifique
31%
Léon Trotski
29%
Ho Chi Minh
28%
Geronimo
27%
Attila
26%
Jules Ferry
26%
Kofi Annan
26%
Robert Oppenheimer
26%
Boris Eltsine
25%
Galilée
24%
Léon Blum
24%
Nasser
24%
Périclès
24%
Leopold II
23%
Ataturk
22%
Augusto Pinochet
22%
Copernic
22%
Mobutu Sese Seko
22%
Caligula
20%
Josip Broz Tito
20%
Klaus Barbie
20%
Hannibal
18%
Mansa Moussa
16%
Charles Quint
15%
Sun Tzu
14%
Jean-Bedel Bokassa
13%
Antonio Salazar
12%
Johannes Gutenberg
11%
Karl von Clausewitz
11%
Charles Lindbergh
10%
Xerxès
9%
Soekarno
7%
Alfred Nobel
6%
Dimitri Mendeleiev
6%
Aucun quiz correspondant
Distribution des résultats
% des personnes avec chaque résultat
Percentile par nombre de réponses
Votre historique - résultats
Vous n’avez pas pris ce quiz